| 000 | 00458pab a2200145 454500 | ||
|---|---|---|---|
| 008 | 180718b xxu||||| |||| 00| 0 eng d | ||
| 100 | _aHince, Kevin | ||
| 245 | _aA controversial reform of New Zealand labour law: the Employment contracts Act 1991 | ||
| 650 | _a Employment Contracts Act 1991 | ||
| 650 | _a Labour Law - Newzealand | ||
| 650 | _aLabour - Legislation - New Zealand | ||
| 700 | _aVranken | ||
| 773 | _aInternational Labour Review | ||
| 909 | _a2699 | ||
| 999 |
_c2699 _d2699 |
||